Organizacija Journal of Management, Informatics and Human Resources
Enregistré dans:
| Format: | Publication en série |
|---|---|
| Langue: | anglais |
| Publié: |
Warsaw
Sciendo
|
| Tags: |
Pas de tags, Soyez le premier à ajouter un tag!
|
MARC
| LEADER | 00000nas1a2200000 4500 | ||
|---|---|---|---|
| 001 | 0313462 | ||
| 005 | 20251203132336.1 | ||
| 022 | |a 1318-5454 | ||
| 022 | |a 1581-1832 | ||
| 041 | 0 | |a eng | |
| 044 | |a PL | ||
| 245 | 1 | 0 | |a Organizacija |b Journal of Management, Informatics and Human Resources |
| 264 | 1 | |a Warsaw |b Sciendo | |